Identify the Leader of Every Country - Statistics

General Stats
  • This quiz has been taken 15 times
    10 since last reset
  • The average score is 75 of 197
Answer Stats
Picture Answer % Correct
Afghanistan
100%
Bahrain
100%
Belarus
100%
China
100%
France
100%
Iran
100%
Israel
100%
New Zealand
100%
North Korea
100%
Syria
100%
Ukraine
100%
United States of America
100%
Vatican City
100%
Argentina
75%
Azerbaijan
75%
Belgium
75%
Bhutan
75%
Brazil
75%
Hungary
75%
Ireland
75%
Kazakhstan
75%
Kuwait
75%
Laos
75%
Mexico
75%
Oman
75%
Qatar
75%
Russia
75%
Saudi Arabia
75%
South Sudan
75%
Spain
75%
Taiwan
75%
Thailand
75%
Turkey
75%
United Arab Emirates
75%
United Kingdom
75%
Antigua and Barbuda
50%
Australia
50%
Barbados
50%
Brunei
50%
Burkina Faso
50%
Burundi
50%
Cameroon
50%
Comoros
50%
Denmark
50%
Egypt
50%
El Salvador
50%
Eswatini
50%
Gambia
50%
Grenada
50%
Guyana
50%
Indonesia
50%
Kosovo
50%
Malawi
50%
Mali
50%
Mongolia
50%
Myanmar
50%
Netherlands
50%
Niger
50%
Philippines
50%
Poland
50%
Rwanda
50%
Serbia
50%
Slovakia
50%
Solomon Islands
50%
Somalia
50%
South Africa
50%
South Korea
50%
Venezuela
50%
Vietnam
50%
Algeria
25%
Andorra
25%
Angola
25%
Armenia
25%
Austria
25%
Bahamas
25%
Bangladesh
25%
Belize
25%
Benin
25%
Bolivia
25%
Bosnia and Herzegovina
25%
Botswana
25%
Bulgaria
25%
Cambodia
25%
Canada
25%
Central African Republic
25%
Chile
25%
Colombia
25%
Costa Rica
25%
Croatia
25%
Cuba
25%
Cyprus
25%
Czech Republic
25%
Democratic Republic of the Congo
25%
Djibouti
25%
Dominica
25%
Dominican Republic
25%
East Timor
25%
Ecuador
25%
Equatorial Guinea
25%
Estonia
25%
Ethiopia
25%
Federated States of Micronesia
25%
Fiji
25%
Finland
25%
Gabon
25%
Georgia
25%
Germany
25%
Ghana
25%
Greenland
25%
Guinea
25%
Guinea Bissau
25%
Haiti
25%
Iceland
25%
India
25%
Iraq
25%
Italy
25%
Ivory Coast
25%
Jamaica
25%
Japan
25%
Jordan
25%
Kenya
25%
Kiribati
25%
Kyrgyzstan
25%
Latvia
25%
Lebanon
25%
Lesotho
25%
Liberia
25%
Libya
25%
Liechtenstein
25%
Lithuania
25%
Luxembourg
25%
Madagascar
25%
Malaysia
25%
Maldives
25%
Malta
25%
Marshall Islands
25%
Mauritania
25%
Mauritius
25%
Moldova
25%
Monaco
25%
Morocco
25%
Mozambique
25%
Namibia
25%
Nauru
25%
Nepal
25%
Nicaragua
25%
North Macedonia
25%
Norway
25%
Pakistan
25%
Palau
25%
Panama
25%
Papua New Guinea
25%
Paraguay
25%
Peru
25%
Portugal
25%
Republic of the Congo
25%
Saint Lucia
25%
Saint Vincent and the Grenadines
25%
Samoa
25%
San Marino
25%
Sao Tome and Principe
25%
Senegal
25%
Seychelles
25%
Sierra Leone
25%
Singapore
25%
Slovenia
25%
Sri Lanka
25%
Sudan
25%
Suriname
25%
Sweden
25%
Switzerland
25%
Tanzania
25%
Tonga
25%
Trinidad and Tobago
25%
Tunisia
25%
Turkmenistan
25%
Tuvalu
25%
Uganda
25%
Uruguay
25%
Uzbekistan
25%
Vanuatu
25%
Yemen
25%
Zambia
25%
Zimbabwe
25%
Albania
0%
Cape Verde
0%
Chad
0%
Eritrea
0%
Greece
0%
Guatemala
0%
Honduras
0%
Montenegro
0%
Nigeria
0%
Romania
0%
Saint Kitts and Nevis
0%
Tajikstan
0%
Togo
0%
No matching quizzes found
Score Distribution
Percent of People with Each Score
Percentile by Number Answered
Your Score History
You have not taken this quiz since the last reset